Представление документа в формате RUSMARC

ПолеНазваниеЗначение
  Тип записи a
  Библиографический уровень a
001 Контрольный номер RU/CBS_UL/BASE/9b74d0bdabbe4da997e7d3756ab917bf
005 Дата корректировки 20240804135950.7
100 Данные общей обработки __
a Данные общей обработки 20240804 ||| 0rusy0189 ca
101 Язык документа 0_
a Язык текста rus
102 Страна публикации __
a Страна публикации RU
200 Заглавие и сведения об ответственности 1_
a Заглавие Подарки для сердца
e Сведения, относящиеся к заглавию [статья]
f Первые сведения об ответственности Е. Дембовская
300 Общие примечания __
a Общие примечания 16+
461 Уровень набора _0
1 2000
a Будь здоров! 100 страниц о самом главном
463 Уровень физической единицы _0
1 2000
a № 6
v С. 3-8 : ил.
1 2101
d 2024
1 001RU/CBS_UL/BASE/4befdbf3c40a43a1b66e47029e09429e
606 Тематические рубрики 0_
a Основная рубрика Болезни сердца
610 Ключевые слова 0_
a Ключевые слова здоровье
610 Ключевые слова 0_
a Ключевые слова здоровье сердечно-сосудистой системы
610 Ключевые слова 0_
a Ключевые слова болезни
610 Ключевые слова 0_
a Ключевые слова физические нагрузки
610 Ключевые слова 0_
a Ключевые слова зарядка
686 Индексы других классификаций __
2 Код системы rubbk
a Классификационный индекс 54.101
700 Автор _1
a Фамилия Дембовская
b Имя (инициалы) Е.
801 Источник записи _0
a Страна RU
b Организация МБУК ЦБС г. Ульяновска
c Дата составления 20240804
g Правила каталогизации RCR
801 Источник записи _1
a Страна RU
b Организация МБУК ЦБС г. Ульяновска
c Дата составления 20240804
g Правила каталогизации RCR
901 Тип документа __
t Тип документа b
w Контрольный № источника RU/CBS_UL/BASE/4befdbf3c40a43a1b66e47029e09429e
909 Создатель записи __
a Создатель записи lib17